000 00521 a2200205 4500
005 20260128110422.0
008 260127b |||||||| |||| 00| 0 eng d
020 _a9781032424026
_c£ 19.99
040 _aMAIN
082 _a201.6796
_bS73R
100 _aShoemaker, Terry D
245 _aReligions and sports: The basics
260 _bRoutledge
_c2024
_aNew York
300 _aviii, 181
440 _aThe basics series
650 _aReligion
650 _aReligious Philosophy
650 _aSports
942 _cBK
999 _c394202
_d394202